Obálka Náhled e-knihy:
PDF Epub
Pro půjčování e-knih musíte být přihlášeni.
Jak si půjčit online?

Zápisky z Rosewoodu. Princezna v nesnázích /

Ellie a Lottie - dvě kamarádky, které si vyměnily své role, čeká další rok v Rosewoodské škole. Jaký bude po nezdařeném pokusu o únos maradovijské princezny?

Uloženo v:
Série:Zápisky z Rosewoodu, část 2
Hlavní autor: Glynn, Connie, 1994- (Autor)
Další autoři: Kubešová, Pavla, 1969- (Autor)
Médium: E-kniha
Jazyk:Czech
Vydáno: Praha : Fragment, 2019
Vydání:1. vydání
Témata:
Příbuzné jednotky:Z cyklu:: Zápisky z Rosewoodu
Tagy:
Žádné tagy
LEADER 02725nam a2200493 i 4500
001 311015
003 CZ PrSKC
005 20260601215658.0
007 ta
008 190313s2019 xr d 000 f cze d
015 |a cnb003082592 
020 |a 9788025340967  |q (vázáno) 
035 |a (OCoLC)1100763672 
040 |a ABG001  |b cze  |d BOA001  |d ABA001  |e rda 
041 1 |a cze  |h eng 
072 7 |a 821.111-3  |x Anglická próza, anglicky psaná  |2 Konspekt 
072 7 |a 821-93  |x Literatura pro děti a mládež (beletrie)  |2 Konspekt 
080 |a 821.111-31  |2 MRF 
080 |a 821-93  |2 MRF 
080 |a (0:82-31)  |2 MRF 
100 1 |a Glynn, Connie,  |d 1994-  |7 osa2018995499  |4 aut 
240 1 0 |a Princess in practise.  |l Česky 
245 1 0 |a Zápisky z Rosewoodu.  |p Princezna v nesnázích /  |c Connie Glynnová ; z anglického originálu Rosewood chronicles - Princess in practise přeložila Pavla Kubešová 
246 3 0 |a Princezna v nesnázích 
250 |a 1. vydání 
264 1 |a Praha :  |b Fragment,  |c 2019 
300 |a 307 stran ;  |c 21 cm 
336 |a text  |b txt  |2 rdacontent 
337 |a bez média  |b n  |2 rdamedia 
338 |a svazek  |b nc  |2 rdacarrier 
520 2 |a Ellie a Lottie - dvě kamarádky, které si vyměnily své role, čeká další rok v Rosewoodské škole. Jaký bude po nezdařeném pokusu o únos maradovijské princezny?  |b Z Lottie a Ellie se staly nejlepší kamarádky a nyní je čeká druhý rok studia v Rosewood Hall. Zvládání jejich nových rolí ale není to jediné, co mají před sebou. Ve škole se totiž dějí podivné věci. Několik studentů bylo otráveno a vypadá to, že ohroženi jsou všichni. Dívky a jejich přátelé jsou připraveni tajnou organizaci leviatánů, která za vším patrně stojí, zastavit. Nebezpečí je ale mnohem blíž, než všichni čekali. Nakladatelská anotace. 
655 7 |a anglické romány  |7 fd131814  |2 czenas 
655 7 |a publikace pro mládež  |7 fd133157  |2 czenas 
655 9 |a English fiction  |2 eczenas 
655 9 |a juvenile literature  |2 eczenas 
700 1 |a Kubešová, Pavla,  |d 1969-  |7 xx0039531  |4 trl 
765 1 |t Rosewood chronicles 
787 0 8 |i Z cyklu:  |t Zápisky z Rosewoodu  |g 2 
900 |a ABA001  |b 21 
928 9 |a Albatros Media - Fragment 
044 |a xr 
910 |a RBIT002 
998 |d 184084  |a https://core.palmknihy.cz/api/books/184084/cover?sln89o  |b https://core.palmknihy.cz/api/books/184084/cover/400?sln89o  |c https://core.palmknihy.cz/api/books/184084/cover/50?sln89o  |e 2028-09-19  |g 312  |i 9788025340967  |j https://core.palmknihy.cz/api/books/184084/preview.epub  |k https://core.palmknihy.cz/api/books/184084/preview.pdf  |l   |q 49  |r 1  |s https://www.palmknihy.cz/kniha/184084  |t ebook  |y 2019  |z 0  |v Zápisky z Rosewoodu  |w 2 
999 |d 311013